000 01750cas a22003495 4500
001 vtls003132481
003 MY-SjTCS
005 20200207085223.0
006 m d ||||||
007 cr anunnnuuuaa
008 750921d19681992enkqrzp 0 a0eng
022 0 _a0039-3592
035 _a(EbpS)ebs836767
039 9 _a201211221240
_bizani
_y200812260839
_zVLOAD
050 0 0 _aHX1
_b.S74
245 0 0 _aStudies in comparative communism
_h[electronic resource].
260 _a[Oxford, England, etc.]
_bButterworth-Heinemann [etc.],
_c-1992.
310 _aQuarterly
362 0 _aV. 1-25; July/Oct. 1968-Dec. 1992.
500 _aAcademic Journal
529 _aTSLHHL
530 _aIndexing and abstracting for print publication.
550 _aVols. for 1968-<71> published by the University of Southern California's School of Politics and International Relations; <spring/summer 1975-> by the Von KleinSmid Institute of International Relations.
555 _aVols. 1-5, 1968-72, in v. 5.
650 0 _aCommunism
_vPeriodicals.
710 2 _aUniversity of Southern California.
_bSchool of Politics and International Relations.
710 2 _aVon KleinSmid Institute of International Affairs.
773 0 _tAcademic Source Complete
_dIpswich, MA : EBSCO Publishing, 1999-
780 0 2 _tCommunist affairs
_x0588-8174
_w(DLC) 66093755
_w(OCoLC)1564503
785 0 0 _tCommunist and post-communist studies
_x0967-067X
_w(DLC) 93640824
_w(OCoLC)28136245
856 4 0 _3Abstracts Available: Mar 1992-Dec 1992
_zAvailable on EBSCOhost.
_uhttps://ezproxy.taylors.edu.my/login?url=https://search.ebscohost.com/direct.asp?db=a9h&jid=SCC
999 _c113985